[Event "Druzynowe Mistrzostwa Polski - II liga"]
[Site "Dom Wczasowy VIS Jastrzebia Gora"]
[Date "1899-12-30"]
[Round "6.89"]
[White "Posuniak, Weronika"]
[Black "Trusz, Julia"]
[Result "1-0"]
[WhiteTitle "k"]
[BlackTitle "I++"]
[WhiteElo "1887"]
[BlackElo "1741"]

1. Nf3 Nf6 2. g3 b5 3. Bg2 Bb7 4. O-O e6 5. b3 c5 6. c4 a6 7. Bb2 d5 8. Ne5 Qb6
9. Qc2 Be7 10. f4 Nc6 11. e3 Rd8 12. d3 Nb4 13. Qe2 dxc4 14. dxc4 Bxg2 15. Kxg2
Qb7+ 16. Kg1 Ne4 17. a3 Nc6 18. Nxc6 Qxc6 19. Bxg7 Rg8 20. Be5 h5 21. f5 exf5
22. Rxf5 h4 23. Qf3 hxg3 24. hxg3 Qh6 25. Nc3 Nd2 26. Qe2 Qg6 27. Rf2 Nxb3 28.
Rd1 Rxd1+ 29. Nxd1 Qe6 30. Qf3 bxc4 31. Qa8+ Bd8 32. Qb7 Bh4 33. Qb8+ Bd8 34.
Nc3 Rg4 35. Rh2 Rg8 36. Ne4 Kd7 1-0

[Event "Druzynowe Mistrzostwa Polski - II liga"]
[Site "Dom Wczasowy VIS Jastrzebia Gora"]
[Date "1899-12-30"]
[Round "6.90"]
[White "Mroziak, Maciej"]
[Black "Krzywicki, Dariusz"]
[Result "1/2-1/2"]
[WhiteTitle "IM"]
[BlackTitle "m"]
[WhiteElo "2352"]
[BlackElo "2110"]

1. e4 e6 2. d4 d5 3. Nd2 Nf6 4. e5 Nfd7 5. Bd3 c5 6. c3 Nc6 7. Ne2 a5 8. O-O a4
9. f4 cxd4 10. cxd4 a3 11. bxa3 Bxa3 12. Bxa3 Rxa3 13. Nb1 Ra8 14. Nbc3 Nb6 15.
Nb5 O-O 16. Nd6 f5 17. Qd2 Ra4 18. Bb5 Ra7 19. Rfc1 Bd7 20. Rc5 Qa8 21. Nc3 Na5
22. Rb1 Bxb5 23. Ndxb5 Nbc4 24. Qf2 b6 25. Nxa7 bxc5 26. Nab5 cxd4 27. Nxd4 Re8
28. Ncb5 Qb7 29. h4 Qd7 30. Nf3 Rb8 31. a4 h6 32. Kh2 Nc6 33. Qc5 N6a5 34. Re1
Nb3 35. Qb4 Nba5 36. Rd1 Qd8 37. Rd3 Kh7 38. g3 Kg8 39. Nfd4 Qd7 40. Nf3 Qc6 41.
Nfd4 Qd7 42. Nf3 Qc6 43. Nfd4 1/2-1/2

[Event "Druzynowe Mistrzostwa Polski - II liga"]
[Site "Dom Wczasowy VIS Jastrzebia Gora"]
[Date "1899-12-30"]
[Round "6.93"]
[White "Kaznowska, Weronika"]
[Black "Duda, Lukasz"]
[Result "1-0"]
[WhiteTitle "I++"]
[BlackTitle "k++"]
[WhiteElo "1535"]
[BlackElo "2115"]

1. d4 f5 2. e4 fxe4 3. Nc3 Nf6 4. Bg5 g6 5. f3 exf3 6. Nxf3 d5 7. Bd3 Nc6 8. Qe2
Bg7 9. a3 Bg4 10. Qe3 Bxf3 11. gxf3 Qd7 12. O-O-O a6 13. Ne2 Nh5 14. Kb1 O-O-O
15. c3 Rde8 16. f4 e6 17. Nc1 Ne7 18. Nb3 Nf5 19. Qf2 Bf8 20. Be2 Nhg7 21. Bf6
Bd6 22. Be5 Rhf8 23. Rhf1 Re7 24. Nd2 Ref7 25. Nf3 Be7 26. c4 Nd6 27. c5 Ne4 28.
Qe3 Nf5 29. Qb3 Qc6 30. Ka1 g5 31. Ne1 Ng7 32. Nd3 gxf4 33. Nb4 Qe8 34. c6 Bxb4
35. cxb7+ Kxb7 36. Qxb4+ Ka7 37. Qa5 Qc6 38. Rc1 Qb6 39. Qa4 c5 40. dxc5 Nxc5
41. Rxc5 Nf5 42. Rc6 1-0

[Event "Druzynowe Mistrzostwa Polski - II liga"]
[Site "Dom Wczasowy VIS Jastrzebia Gora"]
[Date "1899-12-30"]
[Round "6.95"]
[White "Krysztopa-czuprynska, Barbara"]
[Black "Pisarek, Elzbieta"]
[Result "1/2-1/2"]
[WhiteTitle "I"]
[BlackTitle "I++"]
[WhiteElo "1636"]
[BlackElo "1788"]

1. e4 c5 2. Nc3 a6 3. g3 e6 4. Nge2 Nc6 5. Bg2 b5 6. a3 Bb7 7. O-O d6 8. d3 Nf6
9. f4 Be7 10. h3 d5 11. e5 Nd7 12. Kh2 Qc7 13. Ng1 h5 14. Nf3 Nb6 15. Ne2 d4 16.
c3 Rd8 17. Qc2 Qd7 18. cxd4 Nxd4 19. Nexd4 cxd4 20. b4 Na4 21. Bd2 Rc8 22. Qd1
O-O 23. Rc1 Rxc1 24. Qxc1 Rc8 25. Qb1 Nc3 26. Qa1 Rd8 27. Rc1 Na4 28. Rc2 Bxf3
29. Bxf3 Nc3 30. Bxh5 g6 31. Bf3 Kg7 32. Bxc3 dxc3 33. Qxc3 Qxd3 34. Bb7 Qf1 35.
Bg2 Qd3 36. Qxd3 Rxd3 37. Rc7 Kf8 38. Rc8+ Kg7 39. Rc7 Kf8 40. Rc8+ Kg7 41. Bc6
1/2-1/2

[Event "Druzynowe Mistrzostwa Polski - II liga"]
[Site "Dom Wczasowy VIS Jastrzebia Gora"]
[Date "1899-12-30"]
[Round "6.96"]
[White "Zaskalski, Arkadiusz"]
[Black "Palosz, Andrzej"]
[Result "0-1"]
[WhiteTitle "k"]
[BlackTitle "k"]
[WhiteElo "2154"]
[BlackElo "2023"]

1. Nf3 d5 2. c4 c6 3. g3 g6 4. Bg2 Bg7 5. cxd5 cxd5 6. d4 Nc6 7. O-O Nf6 8. Nc3
Ne4 9. Qb3 Nxc3 10. bxc3 O-O 11. Nd2 e5 12. e3 Be6 13. Qxb7 Na5 14. Qa6 Qc7 15.
Ba3 Rfd8 16. Bb4 Nc6 17. Bc5 Nb8 18. Qa3 Nd7 19. Bd6 Qc6 20. Rac1 Rac8 21. c4
Qa8 22. Nb3 a6 23. Qa5 e4 24. c5 Rc6 25. Qa3 a5 26. Qxa5 Ra6 27. Qc3 Rc8 28. Qb4
Nb8 29. Rc2 Rxd6 30. cxd6 Rxc2 31. a4 Rc4 32. Qb6 Nd7 33. Qb5 Qxa4 34. Qb7 Rb4
0-1

[Event "Druzynowe Mistrzostwa Polski - II liga"]
[Site "Dom Wczasowy VIS Jastrzebia Gora"]
[Date "1899-12-30"]
[Round "6.97"]
[White "Mlynarski, Kamil"]
[Black "Mika, Tomasz"]
[Result "0-1"]
[WhiteTitle "I++"]
[BlackTitle "CM"]
[WhiteElo "1876"]
[BlackElo "2157"]

1. e4 c6 2. d4 d5 3. e5 Bf5 4. h4 h5 5. Bd3 Bxd3 6. Qxd3 Qa5+ 7. Nd2 e6 8. Ne2
Ne7 9. c4 dxc4 10. Qxc4 Nf5 11. Ng3 g6 12. O-O Nd7 13. Nb3 Qd8 14. Bg5 Be7 15.
Ne4 Nb6 16. Qd3 Nd5 17. g3 Bxg5 18. Nxg5 Qe7 19. Rac1 O-O 20. Rfd1 Rfd8 21. Nf3
a5 22. Nc5 b6 23. Ne4 Rac8 24. a3 Kg7 25. Rd2 Qb7 26. Qc4 Nde7 27. b4 axb4 28.
axb4 Ra8 29. Nfg5 Qa6 30. Qxa6 Rxa6 31. b5 cxb5 32. Rc7 Kg8 33. f3 Ra1+ 34. Kf2
Rda8 35. g4 hxg4 36. fxg4 Nd5 37. Rxf7 Nh6 38. Rb7 Rf8+ 39. Kg3 Ra3+ 40. Kg2 Ne3+
41. Kh3 Nexg4+ 42. Ng3 Ne3 43. Nxe6 Nef5 44. Nxf8 Rxg3+ 45. Kh2 Ng4+ 46. Kh1 Nxh4
47. Nd7 Nf3 48. Nf6+ Nxf6 49. Rb8+ Kf7 50. Rd1 Ng4 51. Rf1 Nf2+ 0-1

[Event "Druzynowe Mistrzostwa Polski - II liga"]
[Site "Dom Wczasowy VIS Jastrzebia Gora"]
[Date "1899-12-30"]
[Round "6.99"]
[White "Pazdzierz, Piotr"]
[Black "Augustyn, Sebastian"]
[Result "1/2-1/2"]
[WhiteTitle "I"]
[BlackTitle "k"]
[WhiteElo "1599"]
[BlackElo "2093"]

1. c4 e5 2. Nc3 Nf6 3. g3 d5 4. cxd5 Nxd5 5. Bg2 Ne7 6. Nf3 Nbc6 7. b3 g6 8. Ba3
Bg7 9. Rc1 O-O 10. O-O Re8 11. d3 h6 12. Nd2 Nd4 13. b4 a6 14. e3 Nb5 15. Nc4
Nxa3 16. Nxa3 Qd6 17. Nc4 Qxb4 18. Rb1 Qc5 19. Bxb7 Bxb7 20. Rxb7 Nf5 21. Ne4
Qc6 22. Na5 Qd5 23. Qd2 Red8 24. Rd1 Rd7 25. Rb3 Nd6 26. Nxd6 Rxd6 27. Nc4 Rc6
28. Na3 h5 29. e4 Qc5 30. Qe3 Qd6 31. Rdb1 Kh7 32. Nc4 Qf6 33. Rb8 Rxb8 34. Rxb8
h4 35. gxh4 Qxh4 36. Qg3 Qh5 37. Kg2 Re6 38. Qh3 Qxh3+ 39. Kxh3 f5 40. f3 Bf6
41. Rc8 Rc6 42. Re8 fxe4 43. fxe4 Kg7 44. Nxe5 1/2-1/2

[Event "Druzynowe Mistrzostwa Polski - II liga"]
[Site "Dom Wczasowy VIS Jastrzebia Gora"]
[Date "1899-12-30"]
[Round "6.100"]
[White "Markiewicz, Mateusz"]
[Black "Skawinski, Szymon"]
[Result "0-1"]
[WhiteTitle "I++"]
[BlackTitle "I"]
[WhiteElo "2048"]
[BlackElo "1641"]

1. g3 d5 2. f4 Nf6 3. Bg2 g6 4. d3 Bg7 5. e4 dxe4 6. dxe4 Qxd1+ 7. Kxd1 e5 8. Nc3
Nc6 9. Nce2 Bg4 10. c3 O-O-O 11. Kc2 exf4 12. gxf4 Rhe8 13. Ng3 Nxe4 14. Bh3 Bxh3
15. Nxh3 Nxg3 16. hxg3 Re2+ 17. Kb3 h6 18. g4 Rd3 19. g5 h5 20. f5 Na5+ 21. Ka3
Bf8+ 22. Ka4 Re4+ 23. b4 Rxc3 24. a3 Nc6 25. Bd2 Rf3 26. Raf1 Nd4 27. Rxf3 Nxf3
28. Bc3 Rh4 29. fxg6 fxg6 30. Be1 Nxe1 31. Rxe1 Rxh3 32. Re8+ Kd7 33. Rxf8 Rg3
34. Rf7+ Kd8 35. Rf8+ Ke7 36. Rc8 Kd7 0-1

[Event "Druzynowe Mistrzostwa Polski - II liga"]
[Site "Dom Wczasowy VIS Jastrzebia Gora"]
[Date "1899-12-30"]
[Round "6.101"]
[White "Anyz, Monika"]
[Black "Jalowiec, Halina"]
[Result "0-1"]
[WhiteTitle "I++"]
[BlackTitle "WFM"]
[WhiteElo "1735"]
[BlackElo "1807"]

1. e4 d5 2. e5 Bf5 3. d4 e6 4. g4 Bg6 5. h4 h5 6. g5 c5 7. dxc5 Bxc5 8. Bd3 Ne7
9. Nc3 a6 10. Bxg6 Nxg6 11. Qe2 Nc6 12. f4 Nd4 13. Qd3 Nf5 14. Bd2 Qd7 15. Nf3
b5 16. O-O-O Qc6 17. Ne2 Qb6 18. c3 Rc8 19. Kb1 O-O 20. Nfd4 Bxd4 21. Nxd4 Nxd4
22. cxd4 Rc4 23. Be3 Ne7 24. g6 fxg6 25. Rhg1 Rf5 26. Qa3 Qb7 27. Qd6 Rc6 28.
Qb4 Rf8 29. Rc1 Rfc8 30. Rxc6 Rxc6 31. Qd2 Qd7 32. a3 Qe8 33. Rc1 Nf5 34. Bf2
Qc8 35. Rxc6 Qxc6 36. Qc3 Qxc3 37. bxc3 Ne7 38. Kb2 Nc6 39. a4 Kf7 40. axb5 axb5
41. Be1 Ke7 42. Kb3 Kd7 43. Ka3 Kc7 44. Kb3 Kb6 45. Bd2 Ka6 46. Be1 Kb6 47. Bd2
Ne7 48. Be1 Nf5 49. Bf2 Nh6 50. Kb2 Nf7 51. Kb3 Nd8 52. Be1 Nb7 53. Bd2 Na5+ 54.
Kb4 Nc6+ 55. Kb3 Kc7 56. Bc1 Kd7 57. Ba3 Ke8 58. Kc2 Kf7 59. Kd3 g5 60. fxg5 Kg6
61. Ke2 Na5 62. Bc1 Nb3 63. Be3 Kf5 64. Kf3 Na5 65. Bd2 Nc4 66. Bc1 g6 67. Bf4
Na3 68. Bd2 Nc2 69. Ke2 Ke4 70. Bc1 b4 71. Kd1 Kd3 72. cxb4 Nxb4 73. Bb2 Nc6 74.
Ba1 Nxd4 75. Bxd4 Kxd4 76. Kd2 Kxe5 77. Ke3 Kf5 78. Kf3 e5 79. Kg3 d4 80. Kh3
d3 81. Kg3 d2 82. Kh2 d1=Q 83. Kh3 Qg4+ 0-1

[Event "Druzynowe Mistrzostwa Polski - II liga"]
[Site "Dom Wczasowy VIS Jastrzebia Gora"]
[Date "1899-12-30"]
[Round "6.102"]
[White "Kempinski, Tomasz"]
[Black "Krol, Rafal"]
[Result "1-0"]
[WhiteTitle "FM"]
[BlackTitle "I++"]
[WhiteElo "2181"]
[BlackElo "2003"]

1. e4 c6 2. d4 d5 3. e5 c5 4. c3 Nc6 5. Nf3 Bg4 6. Be2 e6 7. O-O Nge7 8. Nbd2 Ng6
9. h3 Bf5 10. a3 cxd4 11. cxd4 Qb6 12. Nb3 Rc8 13. Be3 h5 14. Rc1 Be7 15. Rc3
O-O 16. Qd2 Rc7 17. Nc5 a6 18. Rfc1 Rfc8 19. b4 Nf8 20. Bg5 Bg6 21. Qf4 Be4 22.
Bxe7 Ng6 23. Qd2 Ngxe7 24. Ng5 Bg6 25. g4 Qa7 26. Qf4 a5 27. Ncxe6 fxe6 28. Nxe6
Nxd4 29. Nxd4 Rxc3 30. Rxc3 Rxc3 31. Nb5 Rc4 32. Bxc4 Qa6 33. Bf1 hxg4 34. hxg4
axb4 35. Qxb4 Qe6 36. Nc7 Qxe5 37. Qxb7 Be4 38. Qb8+ Kh7 39. Na6 Qf6 40. Nc5 Bg6
41. Nd7 Qd4 42. Nf8+ Kh6 43. Qh2+ Kg5 44. Ne6+ 1-0

[Event "Druzynowe Mistrzostwa Polski - II liga"]
[Site "Dom Wczasowy VIS Jastrzebia Gora"]
[Date "1899-12-30"]
[Round "6.103"]
[White "Gondzik, Dawid"]
[Black "Bartkowiak, Damian"]
[Result "1-0"]
[WhiteTitle "k"]
[BlackTitle "k"]
[WhiteElo "2040"]
[BlackElo "2102"]

1. d4 d5 2. c4 e6 3. Nc3 f5 4. g3 Nf6 5. Bg2 Be7 6. Nh3 O-O 7. O-O c6 8. b3 a5
9. Bb2 b6 10. Rc1 Ba6 11. Nf4 Bc8 12. f3 g5 13. Nh3 g4 14. Nf4 gxf3 15. exf3 Na6
16. cxd5 Nxd5 17. Ncxd5 cxd5 18. Re1 Bg5 19. Rxc8 Qxc8 20. Nxe6 Bf6 21. Nxf8 Kxf8
22. Bh3 Nb4 23. Qb1 Ra7 24. Bxf5 Qd8 25. Bxh7 Nxa2 26. Bg6 Re7 27. Rxe7 Qxe7 28.
Qxa2 Qe3+ 29. Kg2 Qd2+ 30. Kh3 Qh6+ 31. Kg2 Qd2+ 32. Kh3 Qh6+ 33. Bh5 Qxh5+ 34.
Kg2 Qf5 35. Ba3+ Kf7 36. Qd2 Qb1 37. Bb2 b5 38. g4 Qa2 39. Bc3 Qxd2+ 40. Bxd2
b4 41. Be3 a4 42. bxa4 b3 43. Bc1 Bxd4 44. a5 b2 45. Bxb2 Bxb2 46. a6 Bd4 47.
f4 Bb6 48. Kf3 d4 49. Ke4 Bc5 50. h4 Kf6 51. f5 Bb6 52. g5+ Kg7 53. h5 Ba7 54.
f6+ Kf7 55. Kf5 d3 56. g6+ Ke8 57. Ke6 d2 58. g7 1-0

[Event "Druzynowe Mistrzostwa Polski - II liga"]
[Site "Dom Wczasowy VIS Jastrzebia Gora"]
[Date "1899-12-30"]
[Round "6.104"]
[White "Walkusz, Witoslaw"]
[Black "Lizak, Sebastian"]
[Result "1-0"]
[WhiteTitle "FM"]
[BlackTitle "I"]
[WhiteElo "1904"]
[BlackElo "1907"]

1. e4 d6 2. d4 g6 3. c4 Bg7 4. Nc3 Nf6 5. Be2 Nc6 6. d5 Ne5 7. f4 Ned7 8. Be3 c6
9. Qd2 Nc5 10. Bxc5 dxc5 11. e5 Ng4 12. h3 Nh6 13. g4 cxd5 14. cxd5 a6 15. Nf3
b5 16. a4 Bd7 17. O-O b4 18. Ne4 O-O 19. Nxc5 Qb6 20. Qd4 Rfd8 21. Nxd7 Qxd4+
22. Nxd4 Rxd7 23. Nc6 Kf8 24. Nxb4 Rb7 25. Nd3 f5 26. b4 Nf7 27. gxf5 gxf5 28.
Kf2 Nd6 29. exd6 Bxa1 30. dxe7+ Kxe7 31. Rxa1 Kd6 32. Rc1 Rg7 33. Rc6+ Kxd5 1-0

[Event "Druzynowe Mistrzostwa Polski - II liga"]
[Site "Dom Wczasowy VIS Jastrzebia Gora"]
[Date "1899-12-30"]
[Round "6.105"]
[White "Dzierzak, Boguslaw"]
[Black "Demianowicz, Maciej"]
[Result "1-0"]
[WhiteTitle "k"]
[BlackTitle "I"]
[WhiteElo "1958"]
[BlackElo "1988"]

1. e4 c5 2. Nf3 Nc6 3. Bb5 Na5 4. O-O a6 5. Be2 Nc6 6. d4 cxd4 7. Nxd4 e5 8. Nf5
Nf6 9. Nc3 d6 10. Bg5 Bxf5 11. exf5 Be7 12. Bf3 O-O 13. Bxf6 Bxf6 14. Ne4 Nd4
15. Nxf6+ Qxf6 16. Bxb7 Rab8 17. Bxa6 Rxb2 18. Bd3 Nxf5 19. Bxf5 Qxf5 20. Qxd6
Rxc2 21. a4 Rcc8 22. a5 Rfd8 23. Qb6 Rb8 24. Qc5 Rdc8 25. Qe3 f6 26. Rfc1 Rd8
27. a6 Qd7 28. a7 Ra8 29. h3 Qf7 30. Qb6 h5 31. Rc7 Qg6 32. Rb7 Kh7 33. Qxd8 Rxd8
34. Rb8 1-0

[Event "Druzynowe Mistrzostwa Polski - II liga"]
[Site "Dom Wczasowy VIS Jastrzebia Gora"]
[Date "1899-12-30"]
[Round "6.106"]
[White "Andrzejewska, Anna"]
[Black "Kalkowski, Igor"]
[Result "0-1"]
[WhiteTitle "WCM"]
[BlackTitle "I++"]
[WhiteElo "1910"]
[BlackElo "1893"]

1. e4 c5 2. Nf3 e6 3. Nc3 Nc6 4. d4 cxd4 5. Nxd4 Qc7 6. Be2 a6 7. O-O Nf6 8. Kh1
Nxd4 9. Qxd4 Bc5 10. Qd3 b5 11. a3 h5 12. Qg3 Qxg3 13. fxg3 d6 14. Bf3 Rb8 15.
Bd2 Nd7 16. Ne2 Ne5 17. Bc3 Bb7 18. Nf4 h4 19. gxh4 Nxf3 20. gxf3 Rxh4 21. Nd3
Bb6 22. Kg2 e5 23. a4 Ke7 24. Be1 Rh5 25. axb5 Rbh8 26. Bg3 axb5 27. Nb4 f5 28.
exf5 Rxf5 29. Rad1 Ke6 30. Rd3 Bc5 31. c3 Rhf8 32. Nc2 Be4 33. fxe4 Rxf1 34. b4
Rg1+ 35. Kh3 Rh8+ 36. Kg4 Bf2 37. Kf3 Bxg3 38. hxg3 Rf8+ 39. Kg4 Rf4+ 40. Kg5
Rxe4 41. Na3 d5 42. Nxb5 Rc4 43. Re3 e4 44. Nd4+ Rxd4 45. cxd4 Rb1 46. Ra3 Rxb4
47. Ra6+ Kd7 48. Kf4 Rxd4 49. Ke5 Rd3 50. Ra7+ Kc6 51. Rxg7 e3 52. Kf4 d4 53.
Re7 Kd6 54. Re8 Rd2 55. g4 e2 56. g5 d3 57. g6 Rd1 58. g7 Rg1 59. g8=Q Rxg8 60.
Rxg8 e1=Q 61. Rd8+ Kc5 62. Rxd3 Qf2+ 63. Ke4 Kc4 64. Rd7 Qh4+ 65. Ke5 Qg3+ 66.
Ke6 Kc5 67. Rd5+ Kc6 68. Rf5 Qe3+ 69. Re5 Qf4 70. Rf5 Qe4+ 71. Re5 Qg6+ 72. Ke7
Qd6+ 0-1

[Event "Druzynowe Mistrzostwa Polski - II liga"]
[Site "Dom Wczasowy VIS Jastrzebia Gora"]
[Date "1899-12-30"]
[Round "6.108"]
[White "Maj, Pawel"]
[Black "Gierulski, Kamil"]
[Result "1/2-1/2"]
[WhiteTitle "k"]
[BlackTitle "k++"]
[WhiteElo "2188"]
[BlackElo "2247"]

1. c4 e6 2. Nf3 d5 3. g3 dxc4 4. Qa4+ Nd7 5. Bg2 a6 6. Qxc4 Ngf6 7. Qc2 c5 8. d4
Bd6 9. O-O O-O 10. Nbd2 Ra7 11. Nb3 b6 12. dxc5 Nxc5 13. Nxc5 Bxc5 14. Bf4 1/2-1/2

[Event "Druzynowe Mistrzostwa Polski - II liga"]
[Site "Dom Wczasowy VIS Jastrzebia Gora"]
[Date "1899-12-30"]
[Round "6.109"]
[White "Babiarz, Arkadiusz"]
[Black "Grzelak, Artur"]
[Result "1/2-1/2"]
[WhiteTitle "I++"]
[BlackTitle "m"]
[WhiteElo "1938"]
[BlackElo "2103"]

1. e4 g6 2. d4 Bg7 3. Nf3 d6 4. Bc4 Nc6 5. O-O e5 6. dxe5 dxe5 7. Nc3 Qxd1 8. Rxd1
Bg4 9. Nd5 O-O-O 10. Bg5 f6 11. Be3 a6 12. c3 Nge7 13. Bc5 Nxd5 14. Bxd5 Bf8 15.
Bxf8 Rhxf8 16. Bxc6 bxc6 17. h3 Bxf3 18. gxf3 Rd6 19. Kf1 Rfd8 20. Ke2 1/2-1/2

[Event "Druzynowe Mistrzostwa Polski - II liga"]
[Site "Dom Wczasowy VIS Jastrzebia Gora"]
[Date "1899-12-30"]
[Round "6.110"]
[White "Sielicki, Tomasz"]
[Black "Ziemniak, Piotr"]
[Result "1/2-1/2"]
[WhiteTitle "I++"]
[BlackTitle "I+"]
[WhiteElo "1965"]
[BlackElo "1816"]

1. d4 d6 2. e4 Nd7 3. Nf3 e5 4. Nc3 Be7 5. Bc4 Ngf6 6. Be3 O-O 7. dxe5 Nxe5 8.
Nxe5 dxe5 9. Qe2 c6 10. O-O b5 11. Bb3 a5 12. a3 Ba6 13. Rfd1 Qc7 14. Qe1 Rfd8
15. f3 Rxd1 16. Rxd1 Rd8 17. Rd2 1/2-1/2

[Event "Druzynowe Mistrzostwa Polski - II liga"]
[Site "Dom Wczasowy VIS Jastrzebia Gora"]
[Date "1899-12-30"]
[Round "6.111"]
[White "Wasik, Roman"]
[Black "Koziol, Pawel"]
[Result "0-1"]
[WhiteTitle "I"]
[BlackTitle "I++"]
[WhiteElo "1387"]
[BlackElo "1732"]

1. Nf3 Nf6 2. c4 d6 3. d4 Nbd7 4. Nc3 e5 5. e4 Be7 6. Be2 O-O 7. dxe5 dxe5 8. O-O
c6 9. Qc2 Qc7 10. a3 a5 11. Rd1 Nc5 12. Bg5 Bg4 13. h3 Bh5 14. Nh4 Bxe2 15. Qxe2
Ne6 16. Bxf6 Bxf6 17. Nf5 g6 18. Nh6+ Kh8 19. Qd3 Bg5 20. Ng4 h5 21. Nh2 Rad8
22. Qf1 Nd4 23. Nf3 Nxf3+ 24. gxf3 Qe7 25. Ne2 Qe6 26. Qg2 Bh6 27. Qg3 Rxd1+ 28.
Rxd1 Qxc4 29. Nc3 Qe6 30. Qh4 Kg7 31. Ne2 Qb3 32. Rd7 Qxb2 33. Ng3 Qc1+ 34. Kg2
Bg5 35. Nf5+ Kh7 36. Qg3 gxf5 37. Qxe5 Qf4 38. Qc5 Bh6 39. e5 Rg8+ 40. Kf1 Rg7
41. Rxb7 Qxf3 42. Rd7 Qxh3+ 43. Ke2 Qg4+ 44. Kf1 Qg2+ 45. Ke2 Qe4+ 46. Kf1 h4
47. Qd6 Qc4+ 48. Qd3 Qxd3+ 49. Rxd3 Rg6 50. Rf3 f4 51. Rc3 Bg7 52. Rh3 Rh6 53.
Ke2 Bxe5 54. Kd3 c5 55. Ke4 Rh5 56. Kd3 Bd4 57. f3 Bf2 58. a4 Bg3 59. Kc4 Kg6
60. Kb5 Be1 61. Rh2 h3 62. Kc4 Bg3 63. Rh1 h2 64. Kb5 Re5 65. Kxa5 Re1 0-1

[Event "Druzynowe Mistrzostwa Polski - II liga"]
[Site "Dom Wczasowy VIS Jastrzebia Gora"]
[Date "1899-12-30"]
[Round "6.112"]
[White "Mazurek, Jerzy"]
[Black "Wozniak, Grzegorz"]
[Result "1-0"]
[WhiteTitle "I+"]
[BlackTitle "I"]
[WhiteElo "1726"]
[BlackElo "1579"]

1. c4 Nf6 2. Nc3 e5 3. g3 d5 4. cxd5 Nxd5 5. Bg2 Nxc3 6. bxc3 c6 7. Nf3 Bd6 8.
O-O O-O 9. d4 exd4 10. cxd4 Nd7 11. Qc2 Nf6 12. e4 Be7 13. Bb2 h6 14. Ne5 Be6
15. f4 Qa5 16. f5 Bd7 17. Nc4 Qc7 18. Ne3 Rac8 19. Rac1 Qa5 20. Bc3 Qc7 21. e5
Nh7 22. f6 gxf6 23. Be4 Ng5 24. exf6 Bd6 25. Bf5 Rce8 26. Ng4 Bxf5 27. Nxh6+ Kh8
28. Rxf5 Rg8 29. Nxg8 Rxg8 30. Qe2 Bxg3 31. hxg3 Qxg3+ 32. Kh1 Nh7 33. Rh5 Qf4
34. Rxh7+ Kxh7 35. Qh5+ Qh6 36. Qxh6+ Kxh6 37. Bd2+ Kh5 38. Bf4 Rg4 39. Be5 Re4
40. Rc2 Kg4 41. a4 Re1+ 42. Kg2 Kf5 43. a5 Ra1 44. Rb2 b5 45. axb6 axb6 46. Rxb6
c5 47. Rc6 cxd4 48. Bxd4 Rd1 49. Bb6 Rd5 50. Be3 Kg6 51. Kg3 Rf5 52. Bd4 Rd5 53.
Bc3 Kg5 54. Bb4 Rd3+ 55. Kf2 Rb3 56. Be7 Kf4 57. Rc4+ Kf5 58. Ke2 Rh3 59. Kd2
Rb3 60. Kc2 Rh3 61. Rc3 Rh1 62. Kd3 Rd1+ 63. Kc4 Rd7 64. Rd3 Rc7+ 65. Kb5 Rc1
66. Rd6 Ke5 67. Kb6 Rc2 68. Rc6 Rd2 69. Kc7 Rd1 70. Kc8 Kf5 71. Bd8 Rd3 72. Rc7
Kg6 73. Be7 Rd1 74. Rd7 Ra1 75. Rd6 Ra7 76. Kd8 Ra8+ 77. Kd7 Kf5 78. Bd8 Ra1 79.
Ke8 Kg6 80. Rd7 Re1+ 81. Kf8 Rh1 82. Rxf7 Rh8+ 83. Ke7 Rh1 84. Rg7+ Kf5 85. Kf7
Rh8 86. Be7 1-0

[Event "Druzynowe Mistrzostwa Polski - II liga"]
[Site "Dom Wczasowy VIS Jastrzebia Gora"]
[Date "1899-12-30"]
[Round "6.113"]
[White "Tokarz, Izabela"]
[Black "Baranska, Monika"]
[Result "0-1"]
[WhiteTitle "I++"]
[BlackTitle "I++"]
[WhiteElo "1821"]
[BlackElo "1763"]

1. d4 d5 2. c4 dxc4 3. Nf3 Nf6 4. e3 e6 5. Bxc4 c5 6. O-O a6 7. a4 Nc6 8. Qe2 cxd4
9. Rd1 Be7 10. Nxd4 Nxd4 11. Rxd4 Qc7 12. h3 e5 13. Rd1 Bf5 14. Nc3 O-O 15. e4
Bd7 16. Be3 Rac8 17. b3 Qa5 18. Nd5 Nxd5 19. Rxd5 Qc7 20. Rc1 Bc6 21. Bb5 Ba3
22. Rc4 axb5 23. axb5 Qe7 24. bxc6 Rxc6 25. Rxc6 bxc6 26. Ra5 Bb4 27. Ra6 c5 28.
Qb5 Rc8 29. Rb6 h6 30. Qa6 Qc7 31. Rb7 Qc6 32. Qa7 Qe6 33. Re7 Qxb3 34. Rxe5 c4
35. Qd7 Ra8 36. Qd5 Rf8 37. Bc5 Bxc5 38. Qxc5 c3 39. Qc6 Qd1+ 40. Kh2 Qd2 41.
Kg3 Rd8 42. Rc5 Rd3+ 43. f3 Rd6 44. Qc8+ Kh7 45. Rc6 Rxc6 46. Qxc6 c2 0-1

[Event "Druzynowe Mistrzostwa Polski - II liga"]
[Site "Dom Wczasowy VIS Jastrzebia Gora"]
[Date "1899-12-30"]
[Round "6.115"]
[White "Zerebiec, Maurycy"]
[Black "Walentukiewicz, Michal"]
[Result "1/2-1/2"]
[WhiteTitle "I++"]
[BlackTitle "CM"]
[WhiteElo "1885"]
[BlackElo "2097"]

1. c4 Nf6 2. Nc3 g6 3. g3 Bg7 4. Bg2 O-O 5. e4 d6 6. Nge2 c5 7. O-O Nc6 8. a3 a6
9. Rb1 Rb8 10. b4 cxb4 1/2-1/2

[Event "Druzynowe Mistrzostwa Polski - II liga"]
[Site "Dom Wczasowy VIS Jastrzebia Gora"]
[Date "1899-12-30"]
[Round "6.116"]
[White "Bienias, Piotr"]
[Black "Grzesik, Norbert"]
[Result "1/2-1/2"]
[WhiteTitle "I++"]
[BlackTitle "I++"]
[WhiteElo "1957"]
[BlackElo "1983"]

1. d4 d5 2. Bf4 Nf6 3. Nf3 e6 4. e3 c5 5. c3 Nc6 6. h3 Bd6 7. Bxd6 Qxd6 8. Bd3
O-O 9. Nbd2 b6 10. Qe2 Bb7 11. O-O Rac8 12. Ba6 Bxa6 13. Qxa6 Rc7 14. Rfe1 1/2-1/2

[Event "Druzynowe Mistrzostwa Polski - II liga"]
[Site "Dom Wczasowy VIS Jastrzebia Gora"]
[Date "1899-12-30"]
[Round "6.120"]
[White "Sliwicki, Damian"]
[Black "Stanisz, Patryk"]
[Result "1-0"]
[WhiteTitle "CM"]
[BlackTitle "CM"]
[WhiteElo "2140"]
[BlackElo "2199"]

1. e4 c6 2. Nc3 d5 3. Qf3 e6 4. d4 b6 5. Bd2 Nf6 6. e5 Nfd7 7. O-O-O Ba6 8. Nh3
Be7 9. Qg3 g6 10. Bh6 b5 11. Kb1 b4 12. Ne2 c5 13. dxc5 Nxc5 14. Nd4 Qb6 15. Ng5
Nbd7 16. Bxa6 Qxa6 17. Ndf3 f5 18. exf6 Bxf6 19. Rhe1 O-O-O 20. Nf7 Nb6 21. Nxd8
Rxd8 22. Bg5 Bxb2 23. Bxd8 Kxd8 24. Qd6+ Ncd7 25. Rxe6 Bc3 26. Ng5 Qa4 27. Nf7+
Kc8 28. Rxd5 Kb7 29. Nd8+ Kc8 30. Re8 Nxd5 31. Nc6+ Kb7 32. Qxd7+ Kb6 1-0

[Event "Druzynowe Mistrzostwa Polski - II liga"]
[Site "Dom Wczasowy VIS Jastrzebia Gora"]
[Date "1899-12-30"]
[Round "6.121"]
[White "Szmyd, Arkadiusz"]
[Black "Papka, Sebastian"]
[Result "1/2-1/2"]
[WhiteTitle "k"]
[BlackTitle "k"]
[WhiteElo "2073"]
[BlackElo "2101"]

1. e4 c6 2. d4 d5 3. exd5 cxd5 4. Bd3 Nc6 5. c3 Qc7 6. Ne2 Bg4 7. f3 Bh5 8. Ng3
Bg6 9. f4 Bxd3 10. Qxd3 e6 11. O-O g6 12. Nd2 Nge7 13. Nf3 Bg7 14. Ne5 O-O 15.
Be3 Rfb8 16. Rae1 b5 17. a3 Na5 18. Qe2 Nc4 19. Bc1 Rb6 20. h4 a5 21. Nd3 Nd6
22. h5 Qc4 23. hxg6 hxg6 24. Rf3 b4 25. cxb4 Bxd4+ 26. Be3 axb4 27. Nxb4 Qxe2
28. Rxe2 Bxe3+ 29. Rfxe3 Rc8 30. Kf2 Kg7 31. Kf3 Rc4 32. Rd3 Rb8 33. Rdd2 Rbc8
34. Rc2 Rxc2 35. Rxc2 Rxc2 36. Nxc2 Kf8 37. b4 Ke8 38. Ke3 Kd7 39. Kd4 Kc6 40.
a4 Nc4 41. Kc3 Kb6 42. Nf1 Nf5 43. g4 Ne7 44. Nfe3 Nd6 45. a5+ Ka6 46. Nd4 g5
47. fxg5 Ne4+ 48. Kb3 Nxg5 49. Ka4 Ne4 50. b5+ Kb7 51. Kb4 e5 52. Ndf5 d4 53.
Nc4 Nd5+ 54. Kb3 Nc5+ 55. Kc2 f6 56. g5 d3+ 57. Kd2 fxg5 58. Nxe5 Nb3+ 1/2-1/2

[Event "Druzynowe Mistrzostwa Polski - II liga"]
[Site "Dom Wczasowy VIS Jastrzebia Gora"]
[Date "1899-12-30"]
[Round "6.122"]
[White "Drozdowski, Konrad"]
[Black "Kaminski, Piotr"]
[Result "1-0"]
[WhiteTitle "k"]
[BlackTitle "k"]
[WhiteElo "2088"]
[BlackElo "2037"]

1. e4 c6 2. Nc3 d6 3. d4 Nd7 4. f4 e5 5. Nf3 Qc7 6. a4 Ngf6 7. Be2 Be7 8. O-O O-O
9. h3 a5 10. Be3 Re8 11. Qd2 Bf8 12. Bc4 exd4 13. Bxd4 Nxe4 14. Bxf7+ Kxf7 15.
Nxe4 Nc5 16. Nxc5 dxc5 17. Ng5+ Kg8 18. Qd3 g6 19. Qb3+ c4 20. Qxc4+ Be6 21. Nxe6
Qf7 22. Rae1 Rad8 23. f5 gxf5 24. Rxf5 Rxe6 25. Rxf7 1-0